| 000 | 01209nam a2200253 a 4500 | ||
|---|---|---|---|
| 001 | BRCA_303 | ||
| 005 | 20190320202944.0 | ||
| 008 | 930416r19921875mx-#---##b---#001-0#spa-# | ||
| 040 |
_aDLC _cDLC |
||
| 050 | 4 |
_aF1226 _b.B53 1992 |
|
| 100 | 1 |
_aRiva Palacio, Vicente _d1832-1896 _91019 |
|
| 245 | 1 | 0 |
_aHistoria de la administración de D. Sebastián Lerdo de Tejada _cVicente Riva Palacio ; apunte histórico del Lic. Miguel Alemán Valdés. |
| 260 |
_aMéxico _bBiblioteca Mexicana de la Fundación Miguel Alemán _c1992 |
||
| 300 |
_alxiii, 496, xxiii p. _c22 cm. |
||
| 500 | _aTítulo del lomo : Lerdo de Tejada | ||
| 500 | _aFacsímil de : Historia de la Administración de D. Sebastián Lerdo de Tejada : su política, sus leyes, sus contratos, sus nombres. Con retratos, planos, autógrafos. México, imprenta y litografía del padre Cobos, 1875 | ||
| 500 | _aLa edición consta de mil ejemplares numerados y fuera de comercio--Colophon. | ||
| 500 | _aIncluye índice onomástico | ||
| 504 | _aIncluye referencias bibliográficas | ||
| 600 | 1 | 4 |
_aLerdo de Tejada, Sebastián _d1823-1889 _91020 |
| 651 | 4 |
_aMéxico _xPolítica y gobierno _y1867-1910 _91021 |
|
| 740 | 0 | _aLerdo de Tejada | |
| 942 |
_2lcc _cB |
||
| 999 |
_c245 _d245 |
||